El Parc Natural del Montseny / text i mapes: Servei de Parcs Naturals ; fotos: J. Villanova, Oriol Alamany i Ernest Costa Servei de Parcs Naturals ; fotos:
ISBN:
84-500-9077-6
Descripción Física:
32 p. : il., 1 map. pleg. ; 22 cm
Materias:
Parc Natural del Montseny (Catalunya)
MARC
| LEADER | 00000nam a2200000Ia 4500 | ||
|---|---|---|---|
| 001 | 12580 | ||
| 008 | 160829s9999 xx 000 0 cat d | ||
| 020 | |a 84-500-9077-6 | ||
| 080 | |a FU-14-26 | ||
| 110 | |a Barcelona (Catalunya : Província). |b Servei de Parcs Naturals |9 53492 | ||
| 245 | |a El Parc Natural del Montseny / text i mapes: |b Servei de Parcs Naturals ; fotos: |b J. Villanova, Oriol Alamany i Ernest Costa | ||
| 260 | |a Barcelona : |b Diputació de Barcelona, Servei de Parcs Naturals, DL 1986 | ||
| 300 | |a 32 p. : |b il., 1 map. pleg. ; |c 22 cm | ||
| 610 | 0 | |a Parc Natural del Montseny (Catalunya) |9 10461 | |
| 700 | |a Villanova, J. fot. |9 34163 | ||
| 700 | 1 | |a Alamany, Oriol |9 34164 | |
| 700 | |a Costa, Ernest, fot. |9 34165 | ||
| 901 | |a Arxiu | ||
| 942 | |n 1 | ||
| 952 | |0 0 |1 0 |4 0 |6 FU1426 |7 1 |9 46403 |a Arxiu |b Arxiu |d 2016-12-01 |l 0 |o FU-14-26 |p 12580 |r 2016-12-01 00:00:00 |w 2016-12-01 |y ARXIU | ||
| 999 | |c 50188 |d 50188 | ||